Blender 3D Incredible Models : A Comprehensive Guide to Hard-Surface Modeling, Procedural Texturing, and Rendering /
Se presentan conceptos básicos para el modelado en 3D de superficies duras mediante el programa multiplataforma Blender. Después se muestra cómo crear formas básicas, el modelado de polígonos, así como las texturas y el renderizado de tres objetos militares: un asalto de rifle, un tanque y una nave...
Guardado en:
| Autor principal: | |
|---|---|
| Formato: | Libro |
| Idioma: | Inglés |
| Publicado: |
Birmingham, Inglaterra :
Packt,
2022, c2022
|
| Temas: | |
| Acceso en línea: | Ver documento en línea |
| Etiquetas: |
Sin etiquetas, Sé el primero en etiquetar este registro!
|
MARC
| LEADER | 00000nam^a2200000^a^4500 | ||
|---|---|---|---|
| 001 | 000594417 | ||
| 005 | 20251023000000.0 | ||
| 009 | 20260310133026.301 | ||
| 020 | |a 978-1-80181-781-3 | ||
| 037 | |a Acervo ITESO - Biblioteca | ||
| 041 | |a ING | ||
| 082 | |a 006. 693 |b BEL | ||
| 100 | |a Belec, Arijan |e (autor) | ||
| 245 | 1 | 0 | |a Blender 3D Incredible Models : |b A Comprehensive Guide to Hard-Surface Modeling, Procedural Texturing, and Rendering / |c A. Belec. |
| 264 | 4 | |a Birmingham, Inglaterra : |b Packt, |c 2022, c2022 | |
| 264 | 2 | |a Birmingham, EUA : |b EBSCOhost [distribución], |c 2025 | |
| 300 | |a 1 libro electrónico en línea (XIV, 370 p.) | ||
| 300 | |a 1 recurso en línea | ||
| 336 | |a datos para computadora |b cod |2 rdacontenido | ||
| 337 | |a computadora |b c |2 rdamedio | ||
| 338 | |a recurso en línea |b cr |2 rdasoporte | ||
| 506 | 1 | |a 3 licencias | |
| 520 | |a Se presentan conceptos básicos para el modelado en 3D de superficies duras mediante el programa multiplataforma Blender. Después se muestra cómo crear formas básicas, el modelado de polígonos, así como las texturas y el renderizado de tres objetos militares: un asalto de rifle, un tanque y una nave espacial. | ||
| 521 | |a 2025 BO Licenciatura en Diseño | ||
| 649 | |a XX | ||
| 650 | |a Software Libre | ||
| 650 | |a Paquetes (Software) | ||
| 650 | |a Tercera Dimensión - |x Tema Principal | ||
| 650 | |a Gráficas por Computadora - |x Tema Principal | ||
| 650 | |a Diseño Asistido por Computadora | ||
| 650 | |a Diseño - |x Técnica | ||
| 650 | |a Ingeniería Computacional | ||
| 856 | 4 | 0 | |u https://ezproxy.iteso.mx/login?url=https://search.ebscohost.com/login.aspx?direct=true&scope=site&db=nlebk&db=nlabk&AN=3343673 |y Ver documento en línea |
| 910 | |a Fondo General | ||
| 920 | |a Electrónicos - Libros en Línea | ||
| 930 | |a Plataforma Digital | ||
| 905 | |a 205 | ||
| 901 | |a 594417-1 |b IT2 |c EBO |i C |u 20250521 | ||
| 901 | |a 594417-2 |b IT2 |c EBO |i C |u 20250521 | ||
| 901 | |a 594417-3 |b IT2 |c EBO |i C |u 20250521 | ||
| 902 | |a https://opac.biblio.iteso.mx/vufind/Record/000594417 | ||